Principles of Surface-Enhanced Raman Spectroscopy and Related Plasmonic Effects

Na minha lista:
Detalhes bibliográficos
Main Authors: Le Ru, Eric C. (Author), Etchegoin, Pablo G. (Author)
Formato: Livro
Idioma:inglês
Publicado em: Amsterdam : Elsevier B.V., 2009
Edição:1. vyd.
Assuntos:
Tags: Adicionar Tag
Sem tags, seja o primeiro a adicionar uma tag!

MARC

LEADER 00000nam a22000003a 4500
001 stu242288
005 20190206122841.9
008 120124s2009----ne------------------eng-d
020 |a 978-0-444-52779-0 
040 |a STU  |b slo 
041 0 |a eng 
044 |a ne 
080 |a 543.424 
100 1 |a Le Ru, Eric C.  |4 aut 
245 1 |a Principles of Surface-Enhanced Raman Spectroscopy and Related Plasmonic Effects 
250 |a 1. vyd. 
260 |a Amsterdam :  |b Elsevier B.V.,  |c 2009 
300 |a 663 s 
650 7 |a Ramanova spektroskopia  |2 stusub 
700 1 |a Etchegoin, Pablo G.  |4 aut 
996 |b 284EK88862  |c E*88862  |l EE33  |s P  |a 0  |w stu242288_0001